000
00302nam a2200121Ia 4500
003
GCL
008
140319s9999 xx 000 0 eng d
040
_a
GCL /
_c
GCL
082
0
4
_a
631.41
_b
T P
245
1
0
_a
Principles of sail chemistry
260
_a
[S.N] :
_b
Macmillan Publishing Company
300
_a
362 P
999
_c
16874
_d
16874